000 00347nam a22001457a 4500
003 SGT
020 _a0-89603-378-3
082 _a615
_bHOR
100 _aHORST, GERT J. TER
245 _aCLINICAL PHARMACOLOGY OF CEREBRAL ISCHEMIA
260 _aUSA
_bHUMANA PRESS
_c1997
300 _a305
650 _aCLINICAL PHARMACOLOGY
942 _2ddc
_cBK
999 _c33105
_d33105